[Event "Oberpfalz-ch M2"]
[Site "Roding"]
[Date "2010.03.27"]
[Round "2"]
[White "Pernpeintner, Simon"]
[Black "Bauer, Tobias"]
[Result "0-1"]
[WhiteElo "1628"]
[BlackElo "1694"]
[PlyCount "42"]
[EventDate "2010.03.27"]
[EventType "swiss"]
[EventRounds "8"]
[EventCountry "GER"]
[SourceTitle "EXT 2012"]
[Source "ChessBase"]
[SourceDate "2011.11.24"]
[SourceVersion "1"]
[SourceVersionDate "2011.11.24"]
[SourceQuality "1"]

1. e4 g6 2. d4 d6 3. Nc3 e6 4. Nf3 Nh6 5. h3 f6 6. Be3 Nf7 7. Bd3 Bg7 8. Qd2 0-0 9. g4 c6 10. Nh2 b5 11. f4 e5 12. d5 b4 13. Ne2 cxd5 14. exd5 Qa5 15. Bc4 exf4 16. Nxf4 f5 17. Nd3 Re8 18. 0-0-0 Ba6 19. Bb3 Bxd3 20. Qxd3 Rxe3 21. Qc4 Qc5 0-1

[Event "Nittenau-ch 06th"]
[Site "Nittenau"]
[Date "2006.09.17"]
[Round "5"]
[White "Straschewski, Joerg"]
[Black "Bauer, Tobias"]
[Result "0-1"]
[WhiteElo "1940"]
[BlackElo "1577"]
[PlyCount "44"]
[EventDate "2006.09.15"]
[EventType "swiss"]
[EventRounds "5"]
[EventCountry "GER"]
[SourceTitle "EXT 2022"]
[Source "ChessBase"]
[SourceDate "2021.10.06"]
[SourceVersion "1"]
[SourceVersionDate "2021.10.06"]
[SourceQuality "1"]

1. d4 Nf6 2. c4 c5 3. d5 b5 4. cxb5 e6 5. Nc3 exd5 6. Nxd5 Bb7 7. Nc3 d5 8. Nf3 Bd6 9. e3 0-0 10. Bd3 Nbd7 11. Bd2 Ne5 12. Nxe5 Bxe5 13. Qc2 Re8 14. 0-0-0 Rc8 15. Bf5 Rc7 16. f3 g6 17. Bd3 d4 18. Ne2 c4 19. Bxc4 d3 20. Ba5 Rxc4 21. Qxc4 Qxa5 22. Nc3 Rc8 0-1

[Event "Oberpfalz-ch M2"]
[Site "Regensburg"]
[Date "2006.04.11"]
[Round "8"]
[White "Bauer, Tobias"]
[Black "Braun, Dieter"]
[Result "1/2-1/2"]
[WhiteElo "1507"]
[BlackElo "1718"]
[PlyCount "73"]
[EventDate "2006.04.08"]
[EventType "swiss"]
[EventRounds "8"]
[EventCountry "GER"]
[SourceTitle "EXT 2022"]
[Source "ChessBase"]
[SourceDate "2021.10.06"]
[SourceVersion "1"]
[SourceVersionDate "2021.10.06"]
[SourceQuality "1"]

1. e4 d6 2. d4 Nf6 3. Nc3 g6 4. Nf3 Bg7 5. e5 Nfd7 6. e6 fxe6 7. Ng5 Nb6 8. Bb5+ c6 9. Bd3 e5 10. Nxh7 Bf5 11. Bxf5 gxf5 12. Qh5+ Kd7 13. Qxf5+ Kc7 14. Ng5 Rh6 15. Ne6+ Rxe6 16. Qxe6 exd4 17. Ne2 N8d7 18. Nf4 Qf8 19. Qg4 Ne5 20. Ne6+ Kc8 21. Nxf8+ Nxg4 22. Ne6 Bf6 23. h3 Ne5 24. f4 Nf7 25. g4 Kd7 26. f5 Rg8 27. Ke2 Nd5 28. a3 Nc7 29. Nf4 Ng5 30. Nh5 Ne4 31. Nxf6+ exf6 32. Kf3 d5 33. b4 Nb5 34. h4 Nbd6 35. Rd1 Nc4 36. Rxd4 Ne5+ 37. Ke2 1/2-1/2

[Event "Oberpfalz-ch M2"]
[Site "Regensburg"]
[Date "2006.04.11"]
[Round "7"]
[White "Klimpel, Siegfried"]
[Black "Bauer, Tobias"]
[Result "0-1"]
[WhiteElo "1706"]
[BlackElo "1507"]
[PlyCount "99"]
[EventDate "2006.04.08"]
[EventType "swiss"]
[EventRounds "8"]
[EventCountry "GER"]
[SourceTitle "EXT 2022"]
[Source "ChessBase"]
[SourceDate "2021.10.06"]
[SourceVersion "1"]
[SourceVersionDate "2021.10.06"]
[SourceQuality "1"]

1. e4 c5 2. Nf3 e6 3. d3 d6 4. Nbd2 Nf6 5. g3 Nbd7 6. Bg2 Qc7 7. 0-0 Be7 8. Re1 0-0 9. Nf1 b6 10. h4 Bb7 11. Qe2 Rac8 12. Bf4 c4 13. Rac1 Ba6 14. d4 e5 15. dxe5 dxe5 16. Bg5 Nc5 17. Bxf6 Bxf6 18. Qe3 Bb7 19. N3d2 Ne6 20. Qc3 b5 21. Ne3 Nd4 22. Ng4 Be7 23. Nf3 b4 24. Qe3 Bc5 25. Nxd4 Bxd4 26. Qg5 f6 27. Qf5 Bxb2 28. Rb1 Bc3 29. Red1 Rcd8 30. Ne3 Bc8 31. Qf3 Be6 32. Nd5 Bxd5 33. exd5 Rd6 34. Bf1 a5 35. Qe2 Rc8 36. Bh3 Rcd8 37. h5 Bd4 38. Bf5 Qb6 39. Rf1 Rxd5 40. Qxc4 Kh8 41. c3 Rc5 42. Qf7 Rc7 43. Qb3 Rxc3 44. Qf7 Rxg3+ 45. Kh2 Rg5 46. Be6 Qa7 47. Qxa7 Bxa7 48. Rbc1 Rxh5+ 49. Kg3 e4 50. Rfd1 0-1

[Event "Oberpfalz-ch M3"]
[Site "Regensburg"]
[Date "2004.04.05"]
[Round "5.8"]
[White "Eder, August"]
[Black "Bauer, Tobias"]
[Result "0-1"]
[WhiteElo "1420"]
[BlackElo "1258"]
[PlyCount "94"]
[EventDate "2004.04.03"]
[EventType "swiss"]
[EventRounds "8"]
[EventCountry "GER"]
[SourceTitle "EXT 2022"]
[Source "ChessBase"]
[SourceDate "2021.10.06"]
[SourceVersion "1"]
[SourceVersionDate "2021.10.06"]
[SourceQuality "1"]

1. e4 e5 2. Nc3 d6 3. Bc4 f5 4. Bxg8 Rxg8 5. Qh5+ g6 6. Qe2 Nc6 7. Nf3 fxe4 8. Qxe4 Bf5 9. Qd5 Rh8 10. d3 Qd7 11. Be3 0-0-0 12. a3 Bg7 13. Ne4 a6 14. Qb3 b6 15. Qa4 Kb7 16. Bg5 Rde8 17. Nf6 Bxf6 18. Bxf6 Rhf8 19. Bg5 e4 20. Nd4 exd3+ 21. Kd2 b5 22. Nxb5 axb5 23. Qxb5+ Ka8 24. Be3 Na7 25. Qxd7 Bxd7 26. Bxa7 Kxa7 27. Kxd3 Rxf2 28. Rae1 Bf5+ 29. Kc3 Rxc2+ 30. Kd4 Ree2 31. b4 Red2+ 32. Ke3 g5 33. Rd1 Re2+ 34. Kd4 Re4+ 35. Kd5 Ree2 36. Rhe1 Rxe1 37. Rxe1 Rxg2 38. Re7 Kb7 39. a4 Rxh2 40. b5 Rc2 41. Rf7 Bg6 42. Rg7 g4 43. a5 Rc5+ 44. Ke6 Rxb5 45. a6+ Kb6 46. Kd7 Kxa6 47. Kc6 Be8+ 0-1